Quizzes
Events
Quiz Creation
Community
Videos
Private Events
Remove Ads
Sign In
Join for FREE
Feedback
Dark Mode
Quiz Categories
Sports
Geography
Music
Movies
Television
Just For Fun
Miscellaneous
History
Literature
Language
Science
Gaming
Entertainment
Religion
Holiday
For Kids
Quiz Lab
Recent
Popular Today
Quiz Kudos Today
Editor Picks
Curator Picks
Quizzes by...
Day
Popularity
Type
Ratings
Length
Year
Community
Subscriptions
Recent Discussions
Orange Saloon
Badges
Playlists
Quests
Create
Leaderboards
Showdown
Live 5
Trivia Bingo
Activity
Puzzle Library
Sporcle Events
Private Events
Virtual Trivia
Globe League
Become a Host
Pub Owners
SporcleCon
Opinionation
Our Games
Videos
Blog
Mobile Apps
Partnerships
Remove Ads and Go Orange
Feedback
Music
Pop Music
The Beatles
Song
Album
Lyrics
Bands
Singers
Artist
Clip
Rock
Rap
Classical
Billboard
Country Music
Kpop
Taylor Swift
Music
Pop Music
The Beatles
Song
Album
Lyrics
Bands
Singers
Artist
Clip
Rock
Rap
Classical
Billboard
Country Music
Kpop
Taylor Swift
Random Quiz
Search Sporcle
×
Quiz Lab
Quiz Lab
Music
Letter
Type in answers that appear in a list
Type in answers that appear in a list
Classic
Best Score? Go Orange.
Bluegrass (A to Y) Stats
Can you answer the following questions about Bluegrass?
By
jlstrivia
10m
23 Questions
114 Plays
114 Plays
114 Plays
Comments
Comments
Give Quiz Kudos
Give Quiz Kudos
-
- Ratings
hide this ad
More Info
Replay
Link that replays current quiz
Next Quiz
Link to next quiz in quiz playlist
You Got
0%
They Got
Avg Score
33%
Avg Friend Score
Upgrade to see
Score Distribution
Jump to the score distribution portion of the page
Score
0/23
Timer
10:00
0
Plays Today
Hint
Answer
% Correct
He invented bluegrass banjo
Earl Scruggs
89.4%
THE banjo instrumental
Foggy Mountain Breakdown
75.2%
State in which Bean Blossom is located
Indiana
67.3%
Innovative group featuring Sam Bush and Bela Fleck
New Grass Revival
60.2%
Gibson acoustic engineer who developed the F-
5 mandolin
Lloyd Loar
55.8%
Bluegrass group who played the Darlings on the Andy Griffith Show
Dillards
51.3%
Longtime Bluegrass Boy fiddler
Kenny Baker
41.6%
Innovator of the melodic style of banjo playing
Bill Keith
38.1%
The tune that the person referred to in question B got tired of playing
Jerusalem Ridge
36.3%
Longtime dobro player for the Seldom Scene
Mike Auldridge
34.5%
Mandolin player known for his crosspicking style
Jesse McReynolds
30.1%
Bill Monroe instrumental named after a Native American tribe
Cheyenne
26.5%
Hint
Answer
% Correct
Bill Monroe instrumental named after a state capital
Tallahassee
25.7%
First banjo player for the Country Gentlemen; later served in the Navy
Bill Emerson
22.1%
Banjo instrumental with tricky 3-
2-
0 lick on first string
Pike County Breakdown
22.1%
Longtime fiddler for the Foggy Mountain Boys
Paul Warren
21.2%
First cut on Rounder 0044
Old Home Place
20.4%
Guitar virtuoso; his father was a Blue Grass Boy
David Grier
17.7%
Jimmy Martin knocked it out of the park with this tune
Home Run Man
17.7%
Name of the group headed by the answer to question M and his brother
Virginia Boys
15.9%
Left-
handed guitarist; former partner of the person referred to in question K
Jim Rooney
8%
Banjo player for the Greenbriar Boys
Bob Yellin
4.4%
He played the banjo out of time, according to Alan Munde
Uncle Clooney
1.8%
Quiz Playlist
Details
Report
Send in Message
Add To Playlist
More Info:
No Q, X, or Z Last names of persons are acceptable
Classic:
Type in answers that appear in a list
Last Updated: Feb 16, 2017
Quiz Scoreboard
CHALLENGE
Sign Up to Join the Scoreboard
Show All
Scores
Hide
Comments
May contain spoilers
Recently Published
9x9 Crossword: Cartoon Network
by jackfrog10
Miscellaneous
3m
College Basketball Coaching Resumes
by pancakes188
Sports
9m
Billboard Blitz: Fleetwood Mac
by CooCooCachoo
Music
15s
More to Explore
Quiz From the Vault
Featured Blog Post
Where Did the Easter Bunny Come From?
hide this ad
You Might Also Like...
Tags
Letter Quiz
Today's Top Quizzes in Music
Browse Music
hide this ad
Today's Top Quizzes in Letter
Browse Letter
Top Contributed Quizzes in Music
1
Taylor Swift All Songs (2024)
2
Guess the Artist- 70s Songs
3
7-to-1: Billboard Hot 100 #1 Hits of 2010s
4
Sorting Albums and Songs
5
Taylor Swift Logic Puzzle
6
KPOP LOGIC QUIZ
7
Guess the Taylor Swift song (Mystery Song)
8
Guess The Taylor Swift Lyrics Song #1
9
Billboard Blitz: ABBA
10
One Thing in Common: Music
Explore More
Trending Topics
NBA
Crossword
Disney
Harry Potter
Kpop
Anime
Marvel
NFL
WWE
Soccer
Puzzle
Pokémon
Song
The Office
Country
hide this ad
More By:
jlstrivia
Quiz
Plays
Rating
Category
Featured
Created
40 Homers by Ten-Lettered Surnames
136
3.00
Sports
May 9, 2014
Bluegrass (A to Y)
114
3.00
Music
Jun 2, 2014
Humphrey Bogart Lines
99
Movies
May 7, 2014
The Lone Ranger Intro
71
1.33
Television
May 5, 2014
Memorable World Series Moments
41
Sports
May 16, 2014
Go to Creator's Profile
Score Distribution
Quiz Creator Spotlight
jlstrivia
Follow
Send a Message
Quizzes Created
-
Created Quiz Play Count
-
More By This Creator
Popular Quizzes Today
1
Find the US States - No Outlines Minefield
2
Find the Countries of Europe - No Outlines Minefield
3
The Countries of the World
4
Find the US States
5
Risky Map Clicking: Biggest States A-Z
6
US States
7
Popular People in 1961
8
Movies - When Are They Set?
More Music Quizzes
Best Albums of All Time (Different Sources)
Published
Trending Quizzes
Risky Map Clicking: Least Populous States A-Z
1-10 Letter G Words
1-10 Letter F Words
Risky Map Clicking: Next State Alphabetically
Adjectives in 80s TV Shows
Recently Updated
Leaping Animals
pecheneg
Reality TV Shows (A-Z)
bhenderson79
Rickey Henderson's Hall of Fame Teammates
pecheneg
Champions League XIs: Arsenal
pecheneg
Quick Pick: Celebrities in WWE's Hall of Fame
aduchscher
A-Z Keypad Blitz II
pecheneg
Multiple Oscar Actors
pecheneg
Mystery Phrase Blitz: Oscar 'Best Actors'
pecheneg
F. Scott Fitzgerald Novels
LTH
Pick 3 Villains
ddd62291
Trending Topics
Marvel
Crossword
NBA
Anime
Harry Potter
Disney
Kpop
Soccer
Song
Country
Pokémon
WWE
NFL
The Office
Puzzle
Your Account Isn't Verified!
In order to create a playlist on Sporcle, you need to verify the email address you used during registration. Go to your
Sporcle Settings
to finish the process.
Report this User
Report this user for behavior that violates our
Community Guidelines
.
Details:
Send Report
Go to the Sporcle.com Mobile Site →
Comments